Countries with nuclear weapons - Statistics

General Stats
  • This quiz has been taken 32 times
  • The average score is 14 of 18
Answer Stats
Status Country % Correct
Party to NPT France
100%
Party to NPT Russia
100%
Party to NPT United Kingdom
100%
Party to NPT United States
100%
Party to NPT China
96%
Non-party to NPT, declared India
96%
Non-party to NPT, declared North Korea
93%
Non-party to NPT, undeclared Israel
89%
Non-party to NPT, declared Pakistan
89%
Hosting American weapons Turkey
86%
Hosting American weapons Germany
79%
Hosting American weapons Italy
79%
Hosting Russian weapons Belarus
71%
Former possession Ukraine
71%
Former possession South Africa
54%
Former possession Kazakhstan
46%
Hosting American weapons Netherlands
39%
Hosting American weapons Belgium
32%
No matching quizzes found
Score Distribution
Percent of People with Each Score
Percentile by Number Answered
Your Score History
You have not taken this quiz